000 00526nam a22001817a 4500
003 LK-CoDNM
005 20240202125717.0
008 240202b |||||||| |||| 00| 0 eng d
020 _a9789553036353
040 _aLK-CoDNM
_dLK-CoDNM
_eLK-CoDNM
041 _asin
080 _a294.3
_bTHR
245 _aත්‍රිපිටකය - ඛුද්දක නිකාය -5
260 _aColombo
_bS.Godage Saha Sahodarayo
_c2022
300 _a435p.,21cm
700 _aඒ.පී ද සොයිසා
_etr.
942 _cBK
999 _c144831
_d144831